Library Banner

Urbanization and sustainability (Record no. 63076)

MARC details
000 -LEADER
fixed length control field 00567nam a2200181Ia 4500
001 - CONTROL NUMBER
control field 61494
008 - FIXED-LENGTH DATA ELEMENTS--GENERAL INFORMATION
fixed length control field 141120s9999 xx 000 0 und d
020 ## - INTERNATIONAL STANDARD BOOK NUMBER
International Standard Book Number 9789400756656
040 ## - CATALOGING SOURCE
Transcribing agency PK-LaUMT
082 ## - DEWEY DECIMAL CLASSIFICATION NUMBER
Classification number 307.1
Item number URB-
100 ## - MAIN ENTRY--PERSONAL NAME
Personal name Boone, Christopher G.
245 ## - TITLE STATEMENT
Title Urbanization and sustainability
Remainder of title linking urban ecology, environmental justice and global evironmental change
Statement of responsibility, etc Boone, Christopher G.|Fragkias, Michail
260 ## - PUBLICATION, DISTRIBUTION, ETC. (IMPRINT)
Place of publication, distribution, etc New York,USA:
Name of publisher, distributor, etc Sharpe Professional,
Date of publication, distribution, etc 2013
300 ## - PHYSICAL DESCRIPTION
Extent 201 p.
546 ## - LANGUAGE NOTE
Language note EN
700 ## - ADDED ENTRY--PERSONAL NAME
Personal name Fragkias, Michail
942 ## - ADDED ENTRY ELEMENTS (KOHA)
Koha item type Books
Holdings
Withdrawn status Lost status Damaged status Not for loan Home library Current library Date acquired Total Checkouts Full call number Barcode Date last seen Date checked out Price effective from Koha item type
        UMT Main Campus UMT Main Campus 2014-11-17 4 307.1 URB- 82649 2023-03-15 2023-03-01 2014-11-20 Books